Cities That Are Popular Baby Names (2009) Quiz Stats

 Plays Quiz not verified by Sporcle

Challenge
Share
Tweet
Embed
Score 0/13 Timer 09:00
0 Plays Today
Rank Baby Name/City % Correct
421 (Girl)Paris (France)
89.9%
35 (Girl)Sydney (Australia)
77.7%
121 (Girl)London (UK)
77.6%
338 (Girl)Dallas (USA)
54%
63 (Boy)Austin (USA)
48.6%
130 (Boy)Santiago (Chile)
37%
367 (Girl)Phoenix (USA)
32.3%
68 (Girl)Charlotte (USA)
29%
36 (Girl)Sofia (Bulgaria)
26.3%
200 (Girl)Alexandria (Egypt)
25.9%
410 (Boy)Orlando (USA)
24.2%
424 (Boy)Salvador (Brazil)
14.6%
445 (Boy)Leon (Mexico)
6.9%

You're not logged in!

Compare scores with friends on all Sporcle quizzes.
OR
Log In

You Might Also Like...

Show Comments

Extras

Top Quizzes Today


Score Distribution

Your Account Isn't Verified!

In order to create a playlist on Sporcle, you need to verify the email address you used during registration. Go to your Sporcle Settings to finish the process.

Report this User

Report this user for behavior that violates our Community Guidelines.

Details: